Southville International School and Colleges
Your cart is empty.
  • Cart
  • Lists
    Public lists Eva Luna New books Lux_list list_1
    Your lists Log in to create your own lists
  • Log in to your account
  • Your cookies
  • Search history
Southville International School and Colleges
  • Advanced search
  • Recent comments
  • Most popular
  • Libraries

Log in to your account

Log in with GOOGLE


If you do not have an external account, but do have a local account, you can still log in:

  1. Home
  2. MARC view: Empowering the youth for nation building through civic welfare training service 1
Normal view MARC view ISBD view

Empowering the youth for nation building through civic welfare training service 1 (Record no. 365182)

[ view plain ]
MARC details
000 -LEADER
fixed length control field 00665nam a22001937a 4500
003 - CONTROL NUMBER IDENTIFIER
control field 0
005 - DATE AND TIME OF LATEST TRANSACTION
control field 20230818143700.0
008 - FIXED-LENGTH DATA ELEMENTS--GENERAL INFORMATION
fixed length control field 230818b xxu||||| |||| 00| 0 eng d
020 ## - INTERNATIONAL STANDARD BOOK NUMBER
International Standard Book Number 978-621-409-198-0
050 ## - LIBRARY OF CONGRESS CALL NUMBER
Classification number U 660
Item number .B75 2022
100 ## - MAIN ENTRY--PERSONAL NAME
Personal name Briones, Mario R.
245 ## - TITLE STATEMENT
Title Empowering the youth for nation building through civic welfare training service 1
Statement of responsibility, etc Mario R. Briones
260 ## - PUBLICATION, DISTRIBUTION, ETC. (IMPRINT)
Place of publication, distribution, etc Mandaluyong City
Name of publisher, distributor, etc Books Atbp. Publishing Corp.
Date of publication, distribution, etc c2022.
300 ## - PHYSICAL DESCRIPTION
Extent xii, 252 pages :
Other physical details ill. ;
Dimensions 23 cm.
500 ## - GENERAL NOTE
General note Civic Welfare Training Service
504 ## - BIBLIOGRAPHY, ETC. NOTE
Bibliography, etc Includes bibliographical references.
650 ## - SUBJECT ADDED ENTRY--TOPICAL TERM
Topical term or geographic name as entry element Civic Welfare Training Service.
942 ## - ADDED ENTRY ELEMENTS (KOHA)
Source of classification or shelving scheme Library of Congress Classification
Koha item type Books
Holdings
Withdrawn status Lost status Source of classification or shelving scheme Damaged status Home library Current library Shelving location Date acquired Source of acquisition Sub Shelving location Total Checkouts Full call number Barcode Date last seen Price effective from Koha item type
    Library of Congress Classification   College Library College Library Filipiniana Section 08/18/2023 Library Fund     U 660 .B75 2022 C22912 08/18/2023 08/18/2023 Books

Empowering the youth for nation building through civic welfare training service 1

APA

Briones M. R., . (2022). Empowering the youth for nation building through civic welfare training service 1. Mandaluyong City: Books Atbp. Publishing Corp.

Chicago

Briones Mario R, . 2022. Empowering the youth for nation building through civic welfare training service 1. Mandaluyong City: Books Atbp. Publishing Corp.

Harvard

Briones M. R., . (2022). Empowering the youth for nation building through civic welfare training service 1. Mandaluyong City: Books Atbp. Publishing Corp.

MLA

Briones Mario R, . Empowering the youth for nation building through civic welfare training service 1. Mandaluyong City: Books Atbp. Publishing Corp. 2022.

  • Place hold
  • Print
  • Cite
  • Add to your cart (remove)
  • Save record
    BIBTEX Dublin Core MARCXML MARC (non-Unicode/MARC-8) MARC (Unicode/UTF-8) MARC (Unicode/UTF-8, Standard) MODS (XML) RIS
  • More searches
    Search for this title in:
    Other Libraries (WorldCat) Other Databases (Google Scholar) Online Stores (Bookfinder.com) Open Library (openlibrary.org)

Exporting to Dublin Core...

SOUTHVILLE LIBRARY

Southville International School and Colleges Library

1281 Tropical Ave. Cor. Luxembourg St., BF Homes International, Las Pinas City

Tel. No. 8256374 / 252358 Loc. 117/146

Powered by Koha